[Event "BCF-ch Yates op"]
[Site "Coventry"]
[Date "2015.08.02"]
[Round "4"]
[White "Zigmond, Andrew"]
[Black "Gilbert, Jamie"]
[Result "0-1"]
[WhiteElo "123"]
[BlackElo "112"]
[PlyCount "40"]
[EventDate "2015.07.31"]
[EventType "swiss"]
[EventRounds "5"]
[EventCountry "ENG"]
[SourceTitle "CBM 167 Extra"]
[Source "ChessBase"]
[SourceDate "2015.09.14"]
[SourceVersion "1"]
[SourceVersionDate "2015.09.14"]
[SourceQuality "1"]

1. e4 e6 2. d4 d5 3. e5 c5 4. c3 Nc6 5. f4 cxd4 6. cxd4 Nge7 7. Nf3 Nf5 8. Nc3 Bd7 9. Bb5 a6 10. Ba4 Qb6 11. Bxc6 Bxc6 12. Qd3 Be7 13. g4 Nh4 14. Nxh4 Bxh4+ 15. Ke2 f6 16. Qh3 g5 17. fxg5 fxg5 18. Bxg5 Qxb2+ 19. Kd3 Bb5+ 20. Nxb5 axb5 0-1

[Event "BCF-ch Yates op"]
[Site "Coventry"]
[Date "2015.08.01"]
[Round "2"]
[White "Chiu, Hok"]
[Black "Gilbert, Jamie"]
[Result "0-1"]
[WhiteElo "124"]
[BlackElo "112"]
[PlyCount "84"]
[EventDate "2015.07.31"]
[EventType "swiss"]
[EventRounds "5"]
[EventCountry "ENG"]
[SourceTitle "CBM 167 Extra"]
[Source "ChessBase"]
[SourceDate "2015.09.14"]
[SourceVersion "1"]
[SourceVersionDate "2015.09.14"]
[SourceQuality "1"]

1. Nf3 d5 2. d3 Nf6 3. Nbd2 Bf5 4. e3 e6 5. Be2 Bd6 6. 0-0 c6 7. c3 Qc7 8. Re1 Nbd7 9. d4 h5 10. Nf1 h4 11. Ng5 Ne4 12. Nxe4 dxe4 13. f4 Nf6 14. h3 0-0-0 15. Nh2 Bg6 16. Nf1 Bh5 17. Nd2 Bxe2 18. Qxe2 Rdg8 19. Rf1 Qe7 20. b3 Bc7 21. a4 Nh5 22. Qd1 Ng3 23. Rf2 f5 24. Ba3 Qf6 25. Nc4 g5 26. Bd6 Bxd6 27. Nxd6+ Kc7 28. Nc4 g4 29. Kh2 gxh3 30. gxh3 Rg7 31. Qc2 Rhg8 32. Rg1 Qg6 33. Ne5 Qh5 34. Qd2 Qh6 35. c4 Nh5 36. Rxg7+ Rxg7 37. Qa5+ Kd6 38. Qxa7 Qf6 39. Qc5+ Kc7 40. a5 Rg8 41. a6 Qg7 42. axb7 Qg3+ 0-1

[Event "BCF-ch U140"]
[Site "Coventry"]
[Date "2015.07.31"]
[Round "5"]
[White "Emmerton, Stephen J"]
[Black "Gilbert, Jamie"]
[Result "1-0"]
[WhiteElo "126"]
[BlackElo "112"]
[PlyCount "140"]
[EventDate "2015.07.27"]
[EventType "swiss"]
[EventRounds "5"]
[EventCountry "ENG"]
[SourceTitle "EXT 2016"]
[Source "ChessBase"]
[SourceDate "2015.10.08"]
[SourceVersion "1"]
[SourceVersionDate "2015.10.08"]
[SourceQuality "1"]

1. Nf3 d5 2. g3 Nf6 3. Bg2 Bf5 4. d3 e6 5. 0-0 Bd6 6. Nbd2 0-0 7. Nh4 c6 8. Nxf5 exf5 9. Nf3 Nbd7 10. Nd4 g6 11. c4 Qb6 12. Nb3 Nc5 13. Be3 Ng4 14. Bxc5 Bxc5 15. d4 Be7 16. cxd5 cxd5 17. Bxd5 Rfd8 18. Bg2 a5 19. a4 Ne5 20. Rb1 Rac8 21. e3 Bb4 22. Nd2 Nc4 23. Nxc4 Rxc4 24. Qb3 Rdc8 25. Bd5 R4c7 26. Qd3 Rc2 27. Rfd1 Qa6 28. Qxa6 bxa6 29. b3 R8c3 30. Bc4 Ra2 31. d5 Bd6 32. Rdc1 Rcc2 33. Rxc2 Rxc2 34. Re1 Kg7 35. Re2 Rxe2 36. Bxe2 Kf6 37. Bxa6 Ke5 38. Bc4 h5 39. f3 g5 40. Kf2 f4 41. e4 f5 42. Bd3 fxe4 43. gxf4+ gxf4 44. fxe4 Kd4 45. Bc2 f3 46. h3 Ke5 47. Kxf3 Kf6 48. Bd3 Ke5 49. Ke3 Bc5+ 50. Kf3 Kd4 51. Be2 Bd6 52. Bc4 Kc3 53. Ke3 Be5 54. Kf3 Bd6 55. Kg2 Kd4 56. Kf3 Kc3 57. e5 Bxe5 58. Ke4 Bd6 59. Kf5 h4 60. Ke6 Bf4 61. d6 Kd4 62. d7 Bc7 63. Ke7 Ke5 64. d8Q Bxd8+ 65. Kxd8 Kd6 66. Bf1 Kc5 67. Ke7 Kd5 68. Kf6 Kd6 69. Kg5 Ke6 70. Kxh4 Kf6 1-0